000 00470nam a2200205Ia 4500
001 094676
003 YMCAF
005 20230512161939.0
008 100717s2007 ||||||||||||||||| ||und|d
024 _a94676
035 _a34134
040 _aYMCAF
_beng
_cIN-KoLT
041 _aeng
082 _a621.395
_bKAN
100 _aKang, Sung-Mo
245 0 _aCMOS digital integrated circuits
_banaysis and design
260 _bTMH
_c2007
300 _a655
942 _2ddc
_cBK
999 _c9985
_d9985